| Tag |
First Indicator |
Second Indicator |
Subfields |
| LEADER |
00000cam a22000004a 4500 |
| 001 |
in00003401721 |
| 005 |
20190405203523.0 |
| 006 |
m o d |
| 007 |
cr |||||||nn|n |
| 008 |
071031s2008 ilu o d eng d |
| 010 |
|
|
|z 2007045200
|
| 020 |
|
|
|a 9780252091810
|
| 020 |
|
|
|z 9780252033070 (alk. paper)
|
| 020 |
|
|
|z 0252033078 (alk. paper)
|
| 020 |
|
|
|z 9780252075070 (pbk. : alk. paper)
|
| 020 |
|
|
|z 0252075072 (pbk. : alk. paper)
|
| 035 |
|
|
|a (MdBmJHUP)muse9780252091810
|
| 040 |
|
|
|a MdBmJHUP
|c MdBmJHUP
|d UtOrBLW
|
| 043 |
|
|
|a a------
|
| 050 |
0 |
0 |
|a HQ76.3.A78
|b A86 2008
|
| 082 |
0 |
0 |
|a 306.76/6095
|2 22
|
| 245 |
0 |
0 |
|a AsiaPacifiQueer :
|b rethinking genders and sexualities /
|c edited by Fran Martin [and others].
|
| 264 |
|
1 |
|a Urbana :
|b University of Illinois Press,
|c [2008]
|
| 264 |
|
4 |
|c ©2008
|
| 300 |
|
|
|a 1 online resource (278 pages :) :
|b illustrations
|
| 336 |
|
|
|a text
|b txt
|2 rdacontent
|
| 337 |
|
|
|a computer
|b c
|2 rdamedia
|
| 338 |
|
|
|a online resource
|b cr
|2 rdacarrier
|
| 504 |
|
|
|a Includes bibliographical references and index.
|
| 588 |
|
|
|a Description based on print version record.
|
| 500 |
|
|
|a Electronic resource.
|
| 650 |
|
0 |
|a Gays in popular culture
|z Asia.
|
| 650 |
|
0 |
|a Gays
|z Asia.
|
| 650 |
|
0 |
|a Homosexuality
|z Asia.
|
| 655 |
|
7 |
|a Electronic books.
|2 local
|
| 700 |
1 |
|
|a Martin, Fran,
|d 1971-
|
| 856 |
4 |
0 |
|u http://proxy.library.tamu.edu/login?url=http://muse.jhu.edu/books/9780252091810/
|z Connect to the full text of this electronic book
|t 0
|
| 999 |
|
|
|a MARS
|
| 999 |
f |
f |
|s af7ca96b-3d75-3c8b-b250-4c0d89d2f046
|i 6c47d637-acdd-3b44-89fc-4edbfd9c8119
|t 0
|
| 952 |
f |
f |
|a Texas A&M University
|b College Station
|c Electronic Resources
|d Available Online
|t 0
|e HQ76.3.A78 A86 2008
|h Library of Congress classification
|
| 998 |
f |
f |
|a HQ76.3.A78 A86 2008
|t 0
|l Available Online
|